Normal view
MARC view
- Comunidad y escuela
Entry Materia
Number of records used in: 158
001 - NÚMERO DE CONTROL DEL REGISTRO
- campo de control: 9258
003 - IDENTIFICADOR DE NUMERO DE CONTROL
- campo de control: UPN
005 - FECHA Y HORA DE LA ÚLTIMA TRANSACCIÓN
- campo de control: 20220811113839.0
008 - DATOS DE LONGITUD FIJA
- campo de control de longitud fija: 220811n||acnnnbabn | ana |d
035 ## - NÚMERO DE CONTROL DEL SISTEMA
- Número de control del sistema: UPN10000009264
040 ## - FUENTE DE LA CATALOGACIÓN
- Centro catalogador de origen: UPN
- Lengua de catalogación: spa
- Agencia de transcripción: UPN
046 ## - FECHAS CON CODIFICACIÓN ESPECIAL
- Fecha final para contenidos agregados: 2022
053 #4 - NÚMERO CLASIFICADOR - BIBLIOTECA DEL CONGRESO (LC)
- Elemento numérico de la clasificación - Número único o no. inicial del rango: LC215
- Elemento numérico de la clasificación - Número único o no. final del rango: LC221.4
150 ## - ENCABEZAMIENTO - TEMÁTICO
- Término de materia o nombre geográfico como elemento inicial: Comunidad y escuela
450 ## - VÉASE - MATERIA
- Encabezamiento temático: Escuela y comunidad
670 ## - FUENTE EN LA QUE SE LOCALIZARON DATOS
- Cita de la fuente: SHLC
- Información localizada: Community and school (May subd. geog.)
902 ## - CATALOGADOR
- Catalogador: LG/040697
